| 000 | 00919nam a2200145Ia 4500 | ||
|---|---|---|---|
| 008 | 100415s9999 xx 000 0 und d | ||
| 082 |
_b14415 _a574.5 |
||
| 100 | _aCounsell Simon (ed.) | ||
| 245 | _aThe rainforest harvest: sustainable strategies for saving the tropical forests ? : including the proceedings of an International Conference held at the Royal Geographical Society, London 17-18th May 1990 | ||
| 260 |
_c1992 _bFRIENDS OF THE EARTH |
||
| 365 | _b0 | ||
| 630 | _aThe rainforest harvest: sustainable strategies for saving the tropical forests ? : including the proceedings of an International Conference held at the Royal Geographical Society, London 17-18th May 1990 | ||
| 730 | _aThe rainforest harvest: sustainable strategies for saving the tropical forests ? : including the proceedings of an International Conference held at the Royal Geographical Society, London 17-18th May 1990 | ||
| 942 | _cBOOK | ||
| 999 |
_c597313 _d597310 |
||